El CAFTA: ¿una ayuda de EEUU a Centroamérica?

Zapisane w:
Opis bibliograficzny
Format: Texto
Hasła przedmiotowe:
Etykiety: Dodaj etykietę
Nie ma etykietki, Dołącz pierwszą etykiete!

MARC

LEADER 00000 a a2200000 04500
001 6722
003
040
245 |a El CAFTA:   |b ¿una ayuda de EEUU a Centroamérica?  
650 |a LIBERTAD  
650 |a POLITICA  
650 |a ECONOMIA  
650 |a LIBRE COMERCIO  
650 |a PARTIDOS POLITICOS  
650 |a EMIGRACION  
650 |a ESTADOS UNIDOS  
650 |a CENTROAMERICA  
650 |a REPUBLICA DOMINICANA  
773 |g volumen 26, número 1151; páginas 6-8  
999 |c 27067  |d 27067